Dallas Mavericks 2010s Top 10 Leaders - Statistics

General Stats
  • This quiz has been taken 132 times
  • The average score is 9 of 18
Answer Stats
Player % Correct
Dirk Nowitzki
99%
Jason Kidd
92%
Tyson Chandler
82%
J.J. Barea
73%
Jason Terry
71%
Shawn Marion
69%
Harrison Barnes
54%
Dwight Powell
51%
Deron Williams
49%
Devin Harris
36%
Vince Carter
36%
Monta Ellis
35%
Wesley Matthews
31%
Maxi Kleber
30%
Brandan Haywood
20%
Samuel Dalembert
17%
Brandan Wright
16%
Salah Mejri
15%
No matching quizzes found
Score Distribution
Percent of People with Each Score
Percentile by Number Answered
Your Score History
You have not taken this quiz